Berliner Stadtteile - Sudden Death - Statistiken

Allgemein
  • Dieses Quiz wurde 1.682 mal gespielt
    1.609 seit der letzten Aktualisierung
  • Das Durchschnittsergebnis liegt bei 8 aus 18
Answers on the Grid
Answers color-coded by a green-red scale on the quiz's grid according to % correct below.
Köpenick
Rahnsdorf
Lichtenrade
Tempelhof
Moabit
Wannsee
Steglitz
Spandau
Charlottenburg
Grunewald
Reinickendorf
Tegel
Pankow
Wedding
Karlshorst
Hellersdorf
Lichtenberg
Kreuzberg
Hoppegarten
Erkner
Feuerbach
Görlitz
Schönefeld
St. Pauli
Leinhausen
Babelsberg
Havelwehr
Mukow
Altkölln
Strelitz
 
Antwortstatistiken
Antwort % Korrekt
Charlottenburg
58%
Spandau
57%
Kreuzberg
56%
Pankow
54%
Tempelhof
54%
Wedding
53%
Köpenick
51%
Tegel
49%
Moabit
44%
Reinickendorf
44%
Steglitz
43%
Lichtenberg
42%
Grunewald
36%
Hellersdorf
36%
Wannsee
34%
Lichtenrade
23%
Karlshorst
22%
Rahnsdorf
17%
Keine übereinstimmenden Quizze gefunden
Verteilung der Resultate
Anzahl Personen mit jedem Resultat
Perzentil nach korrekt beantworteten Fragen
Ihre Resultats-Entwicklung
Sie haben dieses Quiz seit der letzten Aktualisierung nicht gespielt